Statistical abstract of Ireland 1979

Salvato in:
Dettagli Bibliografici
Natura: Libro
Lingua:inglese
Pubblicazione: Dublin Stationery Office 1982
Tags: Aggiungi Tag
Nessun Tag, puoi essere il primo ad aggiungerne!!

MARC

LEADER 00000nam a2200000 4500
001 c129310
005 20260327113050.9
041 0 |a eng 
044 |a IE 
245 1 0 |a Statistical abstract of Ireland 1979 
264 1 |a Dublin  |b Stationery Office  |c 1982 
300 |a 375 s.